LEADER 00760nam0-22002771i-450- 001 990004518690403321 005 19990530 035 $a000451869 035 $aFED01000451869 035 $a(Aleph)000451869FED01 035 $a000451869 100 $a19990530d1934----km-y0itay50------ba 101 0 $aita 105 $ay-------001yy 200 1 $aFranz von Assisi$eUn die Anfage der Kunst der Ranaissance in Italien$fHenry Thode 205 $aVollst. audl. 210 $aWien$cErschienen$dc1934 215 $a870 p.$d22 cm 700 1$aThode,$bHenry$0390208 801 0$aIT$bUNINA$gRICA$2UNIMARC 901 $aBK 912 $a990004518690403321 952 $a6/IVB7$bBIBL.12558$fFLFBC 959 $aFLFBC 996 $aFranz von Assisi$9548018 997 $aUNINA LEADER 01442nam--2200433---450- 001 990001136670203316 005 20061023114024.0 010 $a88-339-0194-7 035 $a000113667 035 $aUSA01000113667 035 $a(ALEPH)000113667USA01 035 $a000113667 100 $a20030324d1998----km-y0enga50------ba 101 0 $aita 102 $aIT 105 $aa|||z|||001yy 200 1 $aRitratto dell'artista da saltimbanco$fJean Starobinski$ga cura di Corrado Bologna 210 $aTorino$cBollati Boringhieri$d1998 215 $a165 p.$cill.$d22 cm 225 2 $aSaggi, arte, letteratura, comunicazione e linguaggio 410 0$12001$aSaggi, arte, letteratura, comunicazione e linguaggio 454 1$1001000282819 606 0 $aClown nella letteratura francese$zSec. 19.-20. 606 0 $aClown nell'arte$zSec. 19.-20. 676 $a840.9352 700 1$aSTAROBINSKI,$bJean$0381870 702 1$aBOLOGNA,$bCorrado 801 0$aIT$bsalbc$gISBD 912 $a990001136670203316 951 $aVI.4.B. 248(II f B 715)$b166024 L.M.$cII f B 715$d00095406 959 $aBK 969 $aUMA 979 $aMARIA$b10$c20030324$lUSA01$h1604 979 $aRENATO$b90$c20030612$lUSA01$h1328 979 $aPATRY$b90$c20040406$lUSA01$h1718 979 $aCOPAT3$b90$c20050908$lUSA01$h0933 979 $aANNAMARIA$b90$c20061023$lUSA01$h1140 996 $aPortrait de l'artiste en saltimbanque$941624 997 $aUNISA